| 000 | 00379nam a2200133 a 4500 | ||
|---|---|---|---|
| 090 |
_aLB _b02192 |
||
| 041 |
_aspa _heng |
||
| 245 | _aDeveloping indicators experience from Central America | ||
| 246 | _aDesarrollo de indicadores experiencia en América Central | ||
| 260 |
_aWashington _bCIAT _bWorld Bank _bUNEP _c2000 |
||
| 300 | _aCD-ROM | ||
| 942 | _cIMPRESO | ||
| 945 | _d2003-10-16 | ||
| 999 |
_c3457 _d3457 |
||